UN Vehicle Registration Codes Quiz Stats

 Plays Quiz not verified by Sporcle

Also try: Syria's Borders
Challenge
Share
Tweet
Embed
Score 0/35 Timer 05:00
0 Plays Today
% Correct
A
95.2%
L
95.2%
BIH
95.2%
AL
94%
C
94%
GB
94%
LT
94%
N
94%
NL
94%
SN
94%
GR
92.9%
IR
91.7%
SO
91.7%
EST
90.5%
UA
90.5%
E
89.3%
I
89.3%
B
89.3%
% Correct
BOL
89.3%
BR
88.1%
CAM
88.1%
D
88.1%
ET
86.9%
SLO
86.9%
DK
84.5%
BRN
83.3%
UY
83.3%
BUR
82.1%
IRL
82.1%
SK
81%
BRU
78.6%
CDN
77.4%
IL
76.2%
LV
73.8%
CL
38.1%

You're not logged in!

Compare scores with friends on all Sporcle quizzes.
Join for Free
OR
Log In

You Might Also Like...

Show Comments

Extras

Top Quizzes Today


Score Distribution

Your Account Isn't Verified!

In order to create a playlist on Sporcle, you need to verify the email address you used during registration. Go to your Sporcle Settings to finish the process.

Report this User

Report this user for behavior that violates our Community Guidelines.

Details: